[Event "4NCL Division 1d"]
[Site "Telford, ENG"]
[Date "2018.03.18"]
[Round "8.81"]
[White "Hunt, Adam C"]
[Black "Richardson, John R"]
[Result "0-1"]
[WhiteElo "2412"]
[BlackElo "2267"]
[PlyCount "70"]
[EventDate "2018.03.18"]
[WhiteTeam "Blackthorne Russia"]
[BlackTeam "The ADs"]

1. e4 c6 2. d4 d5 3. Nc3 dxe4 4. Nxe4 Bf5 5. Ng3 Bg6 6. Nf3 Nd7 7. h4 h6 8. h5
Bh7 9. Bd3 Bxd3 10. Qxd3 e6 11. Bd2 Ngf6 12. O-O-O Be7 13. Kb1 c5 14. Ne4 Rc8
15. Bf4 c4 16. Qe2 Nxe4 17. Qxe4 Nf6 18. Qe2 Nd5 19. Bc1 O-O 20. Ne5 c3 21. Rh3
cxb2 22. Kxb2 Qa5 23. c4 Nb6 24. c5 Bxc5 25. dxc5 Rxc5 26. Nd7 Nxd7 27. Rxd7
Rfc8 28. Rd1 Qc7 29. Qe1 Rc2+ 30. Kb1 Qc4 31. Bb2 Re2 32. Qc3 Qe4+ 33. Qd3 Rd8
34. Qxe4 Rxd1+ 35. Bc1 Rxe4 0-1

[Event "4NCL Division 1d"]
[Site "Telford, ENG"]
[Date "2018.03.18"]
[Round "8.82"]
[White "Stewart, Ashley"]
[Black "Gormally, Daniel W"]
[Result "1/2-1/2"]
[WhiteElo "2200"]
[BlackElo "2483"]
[PlyCount "20"]
[EventDate "2018.03.18"]
[WhiteTeam "The ADs"]
[BlackTeam "Blackthorne Russia"]

1. c4 Nf6 2. g3 e6 3. Bg2 d5 4. Nf3 Be7 5. d4 O-O 6. Qc2 c6 7. Nbd2 b6 8. O-O
Bb7 9. e4 Na6 10. a3 c5 1/2-1/2

[Event "4NCL Division 1d"]
[Site "Telford, ENG"]
[Date "2018.03.18"]
[Round "8.83"]
[White "Bates, Richard A"]
[Black "Snape, Ian L"]
[Result "1/2-1/2"]
[WhiteElo "2365"]
[BlackElo "2200"]
[PlyCount "117"]
[EventDate "2018.03.18"]
[WhiteTeam "Blackthorne Russia"]
[BlackTeam "The ADs"]

1. d4 g6 2. g3 Bg7 3. Bg2 c5 4. d5 d6 5. Nc3 Nf6 6. e4 O-O 7. Nge2 Na6 8. O-O
Nc7 9. a4 e6 10. dxe6 Nxe6 11. Nf4 a6 12. a5 Nd4 13. Ncd5 Be6 14. c3 Bxd5 15.
Nxd5 Nxd5 16. exd5 Nb5 17. h4 Qd7 18. Bf4 Rfe8 19. Qd2 Be5 20. Rfe1 Qf5 21.
Bxe5 Rxe5 22. Rxe5 Qxe5 23. Re1 Qf6 24. Qe3 Kf8 25. Qh6+ Kg8 26. h5 Nc7 27.
hxg6 hxg6 28. Qh3 Rd8 29. Re3 Ne8 30. Be4 Ng7 31. Rf3 Qg5 32. Rf4 f5 33. Bf3
Re8 34. Kg2 Re1 35. Rh4 Re8 36. b4 cxb4 37. Rxb4 Re7 38. Rh4 Re8 39. Rb4 Re7
40. Rh4 Re8 41. c4 Qc1 42. Rh8+ Kf7 43. Rxe8 Nxe8 44. Qh7+ Ng7 45. Qh4 g5 46.
Qd4 g4 47. Be2 Qe1 48. Qb2 Kg6 49. Qa2 Qc3 50. Qb1 Qxa5 51. Bxg4 Qc5 52. Qd3 b5
53. Bxf5+ Nxf5 54. g4 bxc4 55. Qxf5+ Kg7 56. Qd7+ Kf8 57. Qd8+ Kf7 58. Qd7+ Kf8
59. Qd8+ 1/2-1/2

[Event "4NCL Division 1d"]
[Site "Telford, ENG"]
[Date "2018.03.18"]
[Round "8.84"]
[White "Ahluwalia, Amardip"]
[Black "Ledger, Andrew J"]
[Result "0-1"]
[WhiteElo "2125"]
[BlackElo "2368"]
[PlyCount "112"]
[EventDate "2018.03.18"]
[WhiteTeam "The ADs"]
[BlackTeam "Blackthorne Russia"]

1. e4 c6 2. c4 d5 3. exd5 cxd5 4. cxd5 Nf6 5. Nc3 Nxd5 6. Nf3 Nc6 7. Bb5 e6 8.
O-O Be7 9. Re1 O-O 10. d4 Qd6 11. Nxd5 Qxd5 12. Bxc6 Qxc6 13. Bf4 Rd8 14. Qb3
Qd5 15. Qxd5 Rxd5 16. Rac1 g5 17. Be3 f6 18. h3 Bb4 19. Red1 Bd7 20. a3 Bd6 21.
Nd2 Bc6 22. Ne4 Be7 23. Nc5 Kf7 24. b4 a5 25. Rd2 axb4 26. axb4 Rdd8 27. b5 Bd5
28. b6 Ra5 29. Rb2 Rda8 30. Rbb1 h5 31. Bd2 Ra2 32. Bb4 Bd8 33. Be1 g4 34. h4
Be7 35. g3 Bd6 36. Bb4 Bxg3 37. fxg3 Rg2+ 38. Kf1 Raa2 39. Nd3 Rh2 40. Rc7+ Kg6
41. Rb2 Raxb2 42. Nxb2 Rxb2 43. Bf8 Rxb6 44. Rc3 Kf5 45. Re3 Rb2 46. Bd6 b5 47.
Ke1 b4 48. Re2 Rb1+ 49. Kd2 b3 50. Kc3 Rc1+ 51. Kb2 Rf1 52. Bb8 Bc4 53. Rd2 Ke4
54. Kc3 Bd5 55. Bf4 Rf3+ 56. Kb2 Rxf4 0-1

[Event "4NCL Division 1d"]
[Site "Telford, ENG"]
[Date "2018.03.18"]
[Round "8.85"]
[White "Webb, Laurence E"]
[Black "Bellin, Jana M"]
[Result "1-0"]
[WhiteElo "2271"]
[BlackElo "2065"]
[PlyCount "115"]
[EventDate "2018.03.18"]
[WhiteTeam "Blackthorne Russia"]
[BlackTeam "The ADs"]

1. d4 Nf6 2. c4 c5 3. d5 e5 4. Nc3 d6 5. e4 Be7 6. Nf3 Nbd7 7. Be2 O-O 8. O-O
a6 9. a3 Ne8 10. Rb1 g6 11. Bh6 Ng7 12. Qd2 Nf6 13. Ne1 Ng4 14. Bxg4 Bxg4 15.
Nd3 Bd7 16. b4 b6 17. f4 exf4 18. Qxf4 g5 19. Qd2 f6 20. Ne2 Rf7 21. Ng3 Ne8
22. h4 gxh4 23. Nf5 Bxf5 24. exf5 Bf8 25. Bxf8 Rxf8 26. Nf4 Qd7 27. Ne6 Rf7 28.
Rf4 Ng7 29. Rbf1 cxb4 30. Qxb4 b5 31. Rxh4 bxc4 32. Qxc4 Qa7+ 33. Qd4 Qxd4+ 34.
Rxd4 Rb7 35. Rg4 Rc8 36. Rff4 Kh8 37. Rc4 Rg8 38. Nxg7 Rbxg7 39. Rxg7 Kxg7 40.
Rc6 Kh6 41. Rxd6 Kg5 42. Rxa6 Kxf5 43. Kh2 Rg4 44. Kh3 h5 45. d6 Rd4 46. Kg3
Rd3+ 47. Kh4 Rd2 48. Kh3 Rd3+ 49. g3 Kg5 50. Kg2 Kg4 51. Kf2 Kf5 52. a4 Ke4 53.
Kg2 Rd2+ 54. Kh3 Kf3 55. d7 f5 56. Rf6 Ke4 57. Re6+ Kf3 58. Re7 1-0

[Event "4NCL Division 1d"]
[Site "Telford, ENG"]
[Date "2018.03.18"]
[Round "8.86"]
[White "Anderton, David W"]
[Black "Eames, Robert S"]
[Result "1/2-1/2"]
[WhiteElo "2110"]
[BlackElo "2176"]
[PlyCount "29"]
[EventDate "2018.03.18"]
[WhiteTeam "The ADs"]
[BlackTeam "Blackthorne Russia"]

1. d4 Nf6 2. c4 c5 3. d5 b5 4. cxb5 a6 5. bxa6 g6 6. Nc3 Bg7 7. e4 O-O 8. Nf3
Qa5 9. Bd2 d6 10. Be2 Bxa6 11. O-O Nbd7 12. Qc2 Bxe2 13. Nxe2 Qa4 14. Qxa4 Rxa4
15. b3 1/2-1/2

[Event "4NCL Division 1d"]
[Site "Telford, ENG"]
[Date "2018.03.18"]
[Round "8.87"]
[White "Ledger, Stephen C"]
[Black "Walsh, Marcus"]
[Result "0-1"]
[WhiteElo "2117"]
[BlackElo "2020"]
[PlyCount "120"]
[EventDate "2018.03.18"]
[WhiteTeam "Blackthorne Russia"]
[BlackTeam "The ADs"]

1. d4 Nf6 2. Bg5 Ne4 3. Bf4 c5 4. f3 Nf6 5. d5 Qb6 6. Nc3 Qxb2 7. Bd2 Qb6 8. e4
d6 9. Bc4 g6 10. f4 Bg7 11. Nf3 Bg4 12. Rb1 Qc7 13. O-O Nbd7 14. Qe1 Bxf3 15.
Rxf3 O-O 16. Qh4 a6 17. a4 Rfe8 18. g4 Nf8 19. Rbf1 Rab8 20. Kg2 Qc8 21. g5
N6d7 22. a5 b5 23. axb6 Nxb6 24. Be2 Nbd7 25. Rh3 Rb2 26. Bd1 Qb7 27. f5 Ne5
28. Ne2 gxf5 29. Bc3 fxe4 30. Bxb2 Qxb2 31. Qxe4 Rb8 32. Ng3 Rb4 33. Qe2 Qd4
34. Nf5 Qxd5+ 35. Kg1 Qb7 36. Nxg7 Rg4+ 37. Qxg4 Nxg4 38. Bxg4 Kxg7 39. Rhf3 e6
40. Rb3 Qd5 41. Be2 Ng6 42. Rg3 a5 43. Rg4 Qd2 44. Bd3 Ne5 45. Rgf4 Qe3+ 46.
Kg2 c4 47. Bxc4 Nxc4 48. Rxf7+ Kg6 49. R1f6+ Kxg5 50. h4+ Kxh4 51. Rxh7+ Kg5
52. Rf3 Qe4 53. Rg7+ Kh6 54. Rgg3 Ne5 55. Rh3+ Kg5 56. Rhg3+ Ng4 57. Kh3 Qh7+
58. Kg2 Qxc2+ 59. Kf1 a4 60. Rf8 Kh4 0-1

[Event "4NCL Division 1d"]
[Site "Telford, ENG"]
[Date "2018.03.18"]
[Round "8.88"]
[White "Stockwell, Mark B"]
[Black "Atkins, Rita"]
[Result "1/2-1/2"]
[WhiteElo "2020"]
[BlackElo "2072"]
[PlyCount "25"]
[EventDate "2018.03.18"]
[WhiteTeam "The ADs"]
[BlackTeam "Blackthorne Russia"]

1. Nf3 d5 2. g3 c6 3. Bg2 Bg4 4. c4 e6 5. Qb3 Qb6 6. Qc2 Nd7 7. b3 Ngf6 8. O-O
Rc8 9. Bb2 Be7 10. d3 O-O 11. Nbd2 h6 12. Bc3 c5 13. cxd5 1/2-1/2